Music Quiz

Random Music or Song Quiz

Piano Man Clicky-oke Quiz Stats

 Plays Quiz Updated Aug 13, 2015

Challenge
Share
Tweet
Embed
Score 0/44 Timer 05:00
0 Plays Today
% Correct
on a Saturday.
97.8%
play me a memory?
97.1%
tonic and gin.
96.9%
younger man's clothes.'
95.8%
how it goes.
95.7%
shuffles in.
95.1%
it's sweet
93.6%
piano man.
93.6%
next to me,
93.6%
he'd rather be.
93.3%
drinks for free.
92.9%
with a joke
92.8%
complete
92.1%
of this place.'
92.1%
real estate novelist
92%
light up your smoke,
91.9%
piano man.
91.9%
for a melody,
91.8%
from his face.
91.7%
feeling alright.
91.3%
time for a wife.
91.3%
for a melody,
90.8%
% Correct
killing me,'
90.2%
feeling alright.
90%
feeling alright.
89.8%
be a movie star
89.3%
for a melody,
89%
drinking alone.
88.8%
will be for life.
88.6%
in the Navy,
88.6%
piano man.
88.2%
crowd for a Saturday,
88.1%
practicing politics
88%
with Davy,
87.9%
slowly get stoned.
87.5%
they've been coming to see
87.1%
they call loneliness,
87%
friend of mine.
86.9%
life for a while.
86.5%
like a carnival,
85.9%
bread in my jar
85.9%
doing here?'
85.8%
gives me a smile.
85.3%
smells like a beer.
85.2%

You're not logged in!

Compare scores with friends on all Sporcle quizzes.
OR
Log In

You Might Also Like...

Show Comments

Extras

Top Quizzes Today


Score Distribution

Your Account Isn't Verified!

In order to create a playlist on Sporcle, you need to verify the email address you used during registration. Go to your Sporcle Settings to finish the process.

Report this User

Report this user for behavior that violates our Community Guidelines.

Details: